Pobreza y política pública: reflexiones generales /
Bewaard in:
| Hoofdauteur: | |
|---|---|
| Formaat: | Texto |
| Tags: |
Voeg label toe
Geen labels, Wees de eerste die dit record labelt!
|
MARC
| LEADER | 00000 a a2200000 04500 | ||
|---|---|---|---|
| 001 | 47726 | ||
| 003 | |||
| 040 | |||
| 100 | |a Jiménez, Ronulfo | ||
| 245 | |a Pobreza y política pública: |b reflexiones generales / |c Ronulfo Jiménez | ||
| 773 | |g páginas 99-105 | ||
| 999 | |c 23453 |d 23453 | ||
